=LDR 00000nam 2200000 4500 =001 INLIS000000000038979 =005 20130612144633 =008 ***********************************ind** =035 ##$$0010-061300000038979 =041 ##$$a ind =082 ##$$a 650.1 =090 ##$$a 650.1, May k =100 ##$$a MAYRIANI, Afra =245 ##$$a Kutu lontar, Sukses manggapai puncak karier dengan menjadi pekerja kutu lontar, Afra mayriani;Editor,Edy Zaqeus =260 ##$$a 2008 $b Jakarta =300 ##$$a Xxiv,170 Hlm, Ilus, 21 cm =650 ##$$a SUKSES DALAM BISNIS =700 ##$$a ZAQEUS, Edy =850 ##$$a NBPNMAT =990 ##$$a 0001/BPAP-NTB/20142015 =990 ##$$a 0001/BPAP-NTB/20142015